书目信息 |
| 题名: |
世界近代史
|
|
| 作者: | 袁征 主编 | |
| 分册: | ||
| 出版信息: | 上海 华东师范大学出版社 1991 |
|
| 页数: | 381页 | |
| 开本: | 20cm | |
| 丛书名: | ||
| 单 册: | ||
| 中图分类: | K14 | |
| 科图分类: | 21.124 | |
| 主题词: | 世界史:近代史--师范大学--教材 , 近代史:世界史--师范大学--教材 | |
| 电子资源: | ||
| ISBN: | 7-5617-0631-6 | |
| 000 | 00663nam0 2200241 45 | |
| 001 | 0198004991 | |
| 005 | 20070615104054.50 | |
| 010 | @a7-5617-0631-6@dCNY6.20 | |
| 100 | @a19980114d1991 em y0chiy0120 ea | |
| 101 | 0 | @achi |
| 102 | @aCN@b310000 | |
| 105 | @ay z 000yy | |
| 200 | 10 | @a世界近代史@Ashi jie jin dai shi@f袁征主编 |
| 210 | @a上海@c华东师范大学出版社@d1991@h1993 | |
| 215 | @a381页@d20cm | |
| 300 | @a高等师专教材 | |
| 606 | @a世界史:近代史@x师范大学@x教材 | |
| 606 | @a近代史:世界史@x师范大学@x教材 | |
| 690 | @aK14@v3 | |
| 692 | @a21.124@v2 | |
| 701 | 0 | @a袁征@Ayuan zheng@4主编 |
| 801 | 0 | @aCN@bTSSF@c20070615 |
| 905 | @a10447@dK14@e170 | |
| 世界近代史/袁征主编.-上海:华东师范大学出版社,1991(1993) |
| 381页;20cm |
| 高等师专教材 |
| ISBN 7-5617-0631-6:CNY6.20 |
| ● |
| 相关链接 |
|
|
|
|
正题名:世界近代史
索取号:K14/170
 
预约/预借
| 序号 | 登录号 | 条形码 | 馆藏地/架位号 | 状态 | 备注 |
| 1 | 0645207 | 206452079 | 库房3/ [索取号:K14/170] | 在馆 | |
| 2 | 0652221 | 206522217 | 库房3/ [索取号:K14/170] | 在馆 | |
| 3 | 0652222 | 206522226 | 库房3/ [索取号:K14/170] | 在馆 | |
| 4 | 0652223 | 206522235 | 库房3/ [索取号:K14/170] | 在馆 | |
| 5 | 0652224 | 206522244 | 库房3/ [索取号:K14/170] | 在馆 | |
| 6 | 0652225 | 206522253 | 库房3/ [索取号:K14/170] | 在馆 | |
| 7 | 0652226 | 206522262 | 库房3/ [索取号:K14/170] | 在馆 | |
| 8 | 0652227 | 206522271 | 库房3/ [索取号:K14/170] | 在馆 | |
| 9 | 0652228 | 206522280 | 库房3/ [索取号:K14/170] | 在馆 | |
| 10 | 0652229 | 206522299 | 库房3/ [索取号:K14/170] | 在馆 | |
| 11 | 0652230 | 206522306 | 库房3/ [索取号:K14/170] | 在馆 | |
| 12 | 0652231 | 206522315 | 库房3/ [索取号:K14/170] | 在馆 |